[Event "USA-op Los Angeles"]
[Site "Los Angeles"]
[Date "1991.??.??"]
[Round "?"]
[White "Miles, Anthony J"]
[Black "Kudrin, Sergey"]
[Result "1-0"]
[WhiteElo "2555"]
[BlackElo "2530"]

1.g3 g6 2.Bg2 Bg7 3.c4 c5 4.Nc3 Nc6 5.Nf3 e5 6.a3 a5 7.d4 cxd4 8.Nb5 d6 9.e3 Bg4
10.h3 Bxf3 11.Bxf3 Nge7 12.exd4 exd4 13.Bf4 Be5 14.Bh6 Nf5 15.Qd2 a4 16.O-O Na5
17.Rae1 Nxc4 18.Qb4 Nxh6 19.Bxb7 O-O 20.Bxa8 d5 21.Bc6 Qc8 22.Bxd5 Qxh3 23.Bg2 Qh5
24.Re4 Ne3 25.fxe3 Bxg3 26.Rf3 Bh2+ 27.Kf2 Rb8 28.Rxd4 Qg5 29.Rc4 Nf5 30.Qc5 Bg3+
31.Kg1 Be1 32.Qe5 Rd8 33.Nd4 Bg3 34.Rxg3 Qxg3 35.Qxg3 Nxg3 36.Rxa4 h5 37.Ra8  1-0

[Event "AUS-ch"]
[Site "Melbourne"]
[Date "1991.??.??"]
[Round "2"]
[White "Canfell, Gregory"]
[Black "Miles, Anthony J"]
[Result "0-1"]
[WhiteElo "2280"]
[BlackElo "2585"]

1.e4 b6 2.d4 Bb7 3.Bd3 e6 4.Nf3 c5 5.c3 Nf6 6.e5 Nd5 7.O-O cxd4 8.cxd4 Be7
9.Nc3 O-O 10.Qe2 Nxc3 11.bxc3 d6 12.exd6 Qxd6 13.a4 Qc7 14.Bg5 Bxg5 15.Nxg5 h6
16.Ne4 Nd7 17.Rac1 Rad8 18.Rfd1 e5 19.Ng3 Rfe8 20.Nf5 Nf6 21.Bb5 Re6 22.Bc4 Nd5
23.Bxd5 Rxd5 24.c4 Rd7 25.d5 Rf6 26.Qe4 Rd8 27.Re1 Re8 28.g3 Bc8 29.Nd4 Bd7
30.Nb5 Qb8 31.Qe3 Rg6 32.Nc3 f5 33.a5 Qc8 34.axb6 axb6 35.Ne2 f4 36.Qe4 Bf5
37.Qg2 Rf8 38.Qf3 Qc5 39.Rf1 Bh3 40.Qe4 Bxf1 41.Rxf1 Rgf6 42.g4 f3 43.Ng3 Rf4
44.Qxe5 Rxc4 45.Qe6+ Kh8 46.d6 Rd4 47.d7 Qd6 48.Qe8 Rg8  0-1

[Event "AUS-ch"]
[Site "Melbourne"]
[Date "1991.??.??"]
[Round "6"]
[White "Johansen, Darryl K"]
[Black "Miles, Anthony J"]
[Result "1/2-1/2"]
[WhiteElo "2465"]
[BlackElo "2585"]

1.d4 e6 2.e4 b6 3.Nf3 Bb7 4.Bd3 c5 5.c3 Nf6 6.Nbd2 Be7 7.O-O cxd4 8.cxd4 Ba6
9.Qe2 Bxd3 10.Qxd3 d5 11.e5 Nfd7 12.a3 a5 13.b3 Qc8 14.Bb2 Qa6 15.Qe3 Nc6
16.Ne1 Rc8 17.Nd3  1/2-1/2

[Event "AUS-ch"]
[Site "Melbourne"]
[Date "1991.??.??"]
[Round "7"]
[White "Miles, Anthony J"]
[Black "Wohl, Aleksandar H"]
[Result "0-1"]
[WhiteElo "2585"]
[BlackElo "2275"]

1.c4 e5 2.g3 Nc6 3.Nc3 g6 4.Bg2 Bg7 5.Rb1 f5 6.e3 Nf6 7.Nge2 O-O 8.O-O d6
9.b4 Kh8 10.d3 Ne7 11.f4 c6 12.Qd2 a6 13.Bb2 b5 14.Rfd1 Ra7 15.a4 a5 16.cxb5 axb4
17.Na2 cxb5 18.Nxb4 bxa4 19.fxe5 Ng4 20.Bd4 Ra5 21.Nc2 Ra6 22.e6 d5 23.Nf4 Bxe6
24.Qc3 Nf6 25.Nb4 Rd6 26.Be5 Bg8 27.Ra1 g5 28.Ne2 Re6 29.Bd4 Qd7 30.Ra2 Ng6
31.Qa1 Ng4 32.Rxa4 Bxd4 33.Nxd4 Ref6 34.Bh3 Nxe3 35.Re1 g4 36.Rxe3 gxh3 37.Rf3 f4
38.Ra6 Rxa6 39.Nxa6 Qg7 40.Rf1 fxg3 41.hxg3 h2+ 42.Kxh2 Rxf1 43.Qxf1 Qxd4
44.Nc5 Kg7 45.Qc1 Qf2+ 46.Kh3 Qf5+ 47.Kh2 d4 48.Ne4 Bd5 49.Qa1 Qh5+ 50.Kg1 Qe5  0-1

[Event "AUS-ch"]
[Site "Melbourne"]
[Date "1991.??.??"]
[Round "9"]
[White "Miles, Anthony J"]
[Black "West, Guy"]
[Result "1/2-1/2"]
[WhiteElo "2585"]
[BlackElo "2445"]

1.d4 d6 2.e4 Nf6 3.Nc3 g6 4.g3 Bg7 5.Bg2 O-O 6.Nge2 Nbd7 7.h3 c5 8.O-O Rb8
9.Be3 b5 10.dxc5 b4 11.Na4 Qa5 12.b3 Nxc5 13.e5 Nfd7 14.Nxc5 dxc5 15.f4 Rd8
16.a3 Qc7 17.axb4 Nxe5 18.Rxa7 Rb7 19.Bxb7 Rxd1 20.Rxd1  1/2-1/2

[Event "Oostende op"]
[Site "Oostende"]
[Date "1991.??.??"]
[Round "3"]
[White "Miles, Anthony J"]
[Black "Van Laatum, Gozewijn"]
[Result "1-0"]
[WhiteElo "2555"]
[BlackElo "2390"]

1.d4 Nf6 2.Nf3 g6 3.c4 Bg7 4.Nc3 O-O 5.e4 d6 6.Be2 e5 7.O-O Nc6 8.Be3 Ng4
9.Bg5 f6 10.Bc1 exd4 11.Nxd4 Nge5 12.f4 Nxd4 13.Qxd4 Nc6 14.Qd5+ Kh8 15.f5 Qe8
16.Qd3 Bd7 17.Qh3 Ne5 18.b3 Bc6 19.Bb2 g5 20.Bh5 Qe7 21.Bg6 h6 22.Rae1 Be8
23.Nd5 Qd7 24.Bxe5 dxe5 25.Rd1 Qc6 26.Qe3 Bf7 27.Ne7 Qe8 28.Qc5 c6 29.Qd6 Rb8
30.Rf3 h5 31.Rfd3 h4 32.Qc7  1-0

[Event "Oostende op"]
[Site "Oostende"]
[Date "1991.??.??"]
[Round "4"]
[White "Arkell, Keith C"]
[Black "Miles, Anthony J"]
[Result "0-1"]
[WhiteElo "2455"]
[BlackElo "2555"]

1.d4 e6 2.c4 Bb4+ 3.Bd2 Bxd2+ 4.Qxd2 b6 5.Nc3 Bb7 6.e4 Nh6 7.d5 O-O 8.Nf3 f5
9.Bd3 Na6 10.O-O Nc5 11.Bc2 fxe4 12.Nxe4 exd5 13.cxd5 Nxe4 14.Bxe4 Ng4 15.Ng5 h6
16.Nh3 Qh4 17.f4 Rae8 18.Rfe1 Qf6 19.Bf3 Qf5 20.Rac1 Nf6 21.Red1 Ne4 22.Bxe4 Rxe4
23.Rxc7 Ba6 24.Rxa7 Re2 25.Qc3 Rc8 26.Qg3 Rcc2 27.Re1 Qe4  0-1

[Event "Oostende op"]
[Site "Oostende"]
[Date "1991.??.??"]
[Round "6"]
[White "Cladouras, Panagiotis"]
[Black "Miles, Anthony J"]
[Result "0-1"]
[WhiteElo "2370"]
[BlackElo "2555"]

1.e4 b6 2.d4 Bb7 3.Nd2 e6 4.Ngf3 c5 5.Bd3 cxd4 6.Nxd4 Nc6 7.Nxc6 Bxc6 8.O-O Ne7
9.Re1 Ng6 10.Nf3 Qc7 11.Qe2 Rc8 12.c3 Bc5 13.Be3 Nf4 14.Bxf4 Qxf4 15.Bb5 O-O
16.Bxc6 dxc6 17.b4 Be7 18.Rad1 Rfd8 19.g3 Qc7 20.Kg2 Bf6 21.e5 Be7 22.a3 a5
23.Rxd8+ Rxd8 24.Qa6 axb4 25.axb4 g6 26.Re4 Kg7 27.h4 h6 28.Qc4 Rd5 29.Nd4 c5
30.Nf3 b5 31.Qe2 cxb4 32.cxb4 Qc3 33.h5 g5 34.Rg4 Kh8 35.Qe4 Qb2 36.Qe3 Qa1
37.Nd4 Bf8 38.Qe4 Bg7 39.Nf3 Bxe5 40.Nxe5 Qxe5 41.Qxe5+ Rxe5 42.Rd4 Kg7 43.Kf3 Re1
44.g4 Kf6 45.Kg3 Rb1 46.f3 Rb2 47.Kh3 Ke5 48.Rd7 Rxb4  0-1

[Event "Oostende op"]
[Site "Oostende"]
[Date "1991.??.??"]
[Round "7"]
[White "Miles, Anthony J"]
[Black "Sadler, Matthew"]
[Result "1-0"]
[WhiteElo "2555"]
[BlackElo "2480"]

1.c4 e5 2.Nc3 Nc6 3.Nf3 Nf6 4.g3 Nd4 5.Bg2 Nxf3+ 6.Bxf3 Bb4 7.Qb3 Bc5 8.O-O O-O
9.Na4 Be7 10.Rd1 c5 11.d3 d6 12.Nc3 Re8 13.a3 Rb8 14.Qa2 Qd7 15.Nd5 Qh3 16.Nxf6+ Bxf6
17.Rb1 Bg4 18.Bxg4 Qxg4 19.b4 Bg5 20.Bxg5 Qxg5 21.bxc5 dxc5 22.Rb5 Qe7 23.Qb1 Red8
24.a4 Rd7 25.Qb3 f5 26.Rb1 f4 27.Qa3 Rc8 28.Qc1 Rf8 29.a5 e4 30.Qf1 f3 31.Re1 a6
32.Rb6 e3 33.exf3 Rxf3 34.Kg2 Qf7 35.Rxe3 Rxe3 36.fxe3 Qxf1+ 37.Kxf1 Rxd3
38.Ke2 Ra3 39.Rxb7 Rxa5 40.Kd3 Ra2 41.Ke4 Rxh2 42.Kd5 Rg2 43.e4 Rxg3 44.e5 h5
45.Kd6 Rd3+ 46.Kxc5 h4 47.e6 Kf8 48.Rf7+ Ke8 49.Rxg7 h3 50.Rh7 a5 51.Kb5 Rb3+
52.Kxa5 Re3 53.e7 Re6 54.c5 Rxe7 55.Rh8+ Kd7 56.Kb6 Re8 57.c6+ Ke7 58.Rxe8+ Kxe8
59.c7  1-0

[Event "Oostende op"]
[Site "Oostende"]
[Date "1991.??.??"]
[Round "9"]
[White "Miles, Anthony J"]
[Black "Kuzmin, Alexey"]
[Result "1-0"]
[WhiteElo "2555"]
[BlackElo "2520"]

1.d4 Nf6 2.Nf3 g6 3.c4 Bg7 4.Nc3 d6 5.e4 O-O 6.Be2 e5 7.O-O Nc6 8.Be3 Ng4
9.Bg5 f6 10.Bc1 exd4 11.Nxd4 Nxd4 12.Qxd4 f5 13.Qd5+ Kh8 14.Bxg4 c6 15.Qd3 fxg4
16.Be3 Be6 17.Rad1 Be5 18.Bd4 Qf6 19.b3 Rad8 20.Qe3 b6 21.Rd2 Rf7 22.Rfd1 Rfd7
23.Ne2 Kg8 24.Rd3 Qe7 25.Bc3 Bf7 26.Nd4 Rc8 27.h3 gxh3 28.Qxh3 Rdd8 29.Qh6 Be8
30.Nf3 Bxc3 31.Rxc3 Bd7 32.Qf4 c5 33.Rxd6 Bc6 34.e5 Rf8 35.Qg4 Bxf3 36.Rxf3 Qxe5
37.Rxg6+ Kh8 38.Rg5 Qa1+ 39.Kh2 Rcd8 40.Rh3 Rf7 41.Rg3 Rff8 42.Rg7  1-0

[Event "Sydney Cepacol"]
[Site "Sydney"]
[Date "1991.??.??"]
[Round "4"]
[White "Solomon, Stephen J"]
[Black "Miles, Anthony J"]
[Result "1-0"]
[WhiteElo "2420"]
[BlackElo "2585"]

1.e4 d6 2.d4 g6 3.Nc3 c6 4.f4 d5 5.e5 h5 6.Nf3 Bg4 7.Be3 e6 8.Bd3 Nh6 9.O-O Nf5
10.Bf2 Nd7 11.h3 Bxf3 12.Qxf3 c5 13.Nxd5 exd5 14.Qxd5 Qb6 15.c3 Be7 16.Rfe1 Rd8
17.Qe4 cxd4 18.cxd4 Bh4 19.Bxh4 Nxh4 20.Kh2 O-O 21.Rad1 Rfe8 22.Qe2 Qxd4
23.Be4 Qb6 24.Rd6 Qa5 25.b4 Qxb4 26.Red1 Re7 27.R1d4 Qc3 28.Qf2 g5 29.fxg5 Ng6
30.Bxg6 fxg6 31.Rxg6+ Kh8 32.Rh6+ Kg8 33.Rg6+ Kh8 34.Qh4 Qc7 35.Rgd6 Rg7
36.g6 Kg8 37.Qxh5 Re8 38.Rh4 Kf8 39.Qh8+ Rg8 40.Rf4+ Ke7 41.Qh4+  1-0

[Event "Sydney Cepacol"]
[Site "Sydney"]
[Date "1991.??.??"]
[Round "5"]
[White "Miles, Anthony J"]
[Black "Kanikevich, Alexander"]
[Result "1-0"]
[WhiteElo "2585"]
[BlackElo "2360"]

1.c4 Nf6 2.Nc3 g6 3.e4 d6 4.d4 Bg7 5.Be2 O-O 6.Nf3 Bg4 7.Be3 Nbd7 8.Nd2 Bxe2
9.Qxe2 e5 10.d5 a6 11.g4 c6 12.f3 cxd5 13.cxd5 Ne8 14.h4 f5 15.gxf5 gxf5
16.exf5 Qf6 17.O-O-O Qxf5 18.Rdg1 Rc8 19.Rg5 Qf7 20.Kb1 Kh8 21.Rg2 Ndf6 22.Nc4 b5
23.Nb6 Rb8 24.h5 b4 25.Ne4 Nxd5 26.Nxd5 Qxd5 27.h6 Bf6 28.Rd1 Qe6 29.Qxa6 Qf5
30.Qd3 Be7 31.Rdg1 Rd8 32.Rg7 Bf6 33.Ra7 Rd7 34.Rxd7 Qxd7 35.Bc5 Be7 36.Bxb4 Qe6
37.Bd2 d5 38.Ng5 Bxg5 39.Rxg5 Nf6 40.Qe2 Re8 41.f4 Nd7 42.Qg2 Qxh6 43.Qxd5 Nf6
44.Qg2 exf4 45.Bc3 Rf8 46.Rf5 Qh4 47.a4 Qg3 48.Qxg3 fxg3 49.Rxf6  1-0

[Event "Sydney Cepacol"]
[Site "Sydney"]
[Date "1991.??.??"]
[Round "7"]
[White "Miles, Anthony J"]
[Black "Adianto, Utut"]
[Result "1-0"]
[WhiteElo "2585"]
[BlackElo "2470"]

1.Nf3 Nf6 2.g3 d5 3.Bg2 Bf5 4.c4 dxc4 5.Na3 Qd5 6.Qa4+ c6 7.Qxc4 e6 8.b3 h6
9.O-O Be7 10.Bb2 Qd8 11.d3 O-O 12.Qc2 Nbd7 13.Nc4 Bh7 14.a3 a5 15.Rac1 Nc5
16.Bd4 Nfd7 17.Qb2 Bf6 18.Bxf6 Qxf6 19.Qxf6 Nxf6 20.Nfd2 Ra7 21.Nd6 Ncd7
22.Rc2 Rb8 23.Rb1 Kf8 24.b4 Ke7 25.N6c4 axb4 26.axb4 Nd5 27.Bf3 Ra4 28.b5 c5
29.b6 Rba8 30.Ne3 N5xb6 31.Bxb7 R8a7 32.Bf3 g5 33.Kg2 Bg6 34.Ndc4 Nxc4 35.Nxc4 Rc7
36.Rb5 h5 37.h3 f5 38.g4 hxg4 39.hxg4 Be8 40.Rb7 Rxb7 41.Bxb7 Ra7 42.Bf3 Rc7
43.Rb2 Nf6 44.Kg3 Ra7 45.Rb6 Ra2 46.Rb7+ Kf8 47.Ne5 fxg4 48.Nxg4 Nh5+ 49.Kh2 Nf4
50.Nf6 Bg6 51.Nd7+ Kg7 52.Ne5+ Kg8 53.e3 Rxf2+ 54.Kg3 Rxf3+ 55.Kxf3 Bh5+
56.Kf2 Nd5 57.Nd7 Kf7 58.Nxc5+ Kf6 59.Nd7+ Ke7 60.Nb6+  1-0

[Event "Sydney Cepacol"]
[Site "Sydney"]
[Date "1991.??.??"]
[Round "8"]
[White "Gedevanishvili, Dmitry"]
[Black "Miles, Anthony J"]
[Result "0-1"]
[WhiteElo "2400"]
[BlackElo "2585"]

1.c4 e5 2.Nc3 Bb4 3.g3 Bxc3 4.bxc3 d6 5.Bg2 Nc6 6.d3 f5 7.f4 Nf6 8.fxe5 dxe5
9.Bxc6+ bxc6 10.Ba3 Kf7 11.Nf3 Re8 12.Qa4 Kg8 13.O-O f4 14.Qxc6 Bh3 15.Rfb1 Qc8
16.Ng5 fxg3 17.Rb7 Qg4 18.Nxh3 Qxh3 19.Qg2 gxh2+ 20.Qxh2 Qd7 21.Rf1 Re6 22.Qh3 Rae8
23.Rxa7 Qc6 24.Qf5 Nd7 25.Rf2 Rg6+  0-1

[Event "Sydney Cepacol"]
[Site "Sydney"]
[Date "1991.??.??"]
[Round "9"]
[White "Miles, Anthony J"]
[Black "Oll, Lembit"]
[Result "0-1"]
[WhiteElo "2585"]
[BlackElo "2560"]

1.c4 e6 2.Nc3 Bb4 3.Qb3 Ba5 4.g3 c5 5.Bg2 Nc6 6.Nf3 Nge7 7.O-O O-O 8.Rd1 d5
9.d4 dxc4 10.Qxc4 cxd4 11.Bf4 Bb6 12.Nb5 Nf5 13.e3 Bd7 14.exd4 Rc8 15.Qe2 a6
16.Nd6 Ncxd4 17.Nxd4 Nxd4 18.Qd3 Ba4 19.Rd2 Rc2 20.Nxb7 Rxd2 21.Qxd2 Qd7
22.Rc1 e5 23.Be3 Bb5 24.Kh1 h6 25.Nc5 Qe7 26.Ne4 Rd8 27.Nc3 Bc4 28.Qe1 Qe6
29.b3 Bd3 30.Na4 Nc2 31.Qd2 Nxe3 32.fxe3 Bb5 33.Qf2 Bxa4 34.bxa4 Rd3 35.Be4 Rxe3
36.Rc6 Rxe4 37.Rxe6 Bxf2  0-1

[Event "Auckland"]
[Site "Auckland"]
[Date "1992.??.??"]
[Round "2"]
[White "Miles, Anthony J"]
[Black "Noble, Mark Frederick"]
[Result "1-0"]
[WhiteElo "2565"]
[BlackElo "2320"]

1.d4 Nf6 2.Nf3 e6 3.c4 d5 4.Nc3 Be7 5.Qc2 c5 6.dxc5 d4 7.Nb5 Bxc5 8.Bf4 Na6
9.a3 Ng4 10.Qd2 O-O 11.b4 Bb6 12.Bd6 Qf6 13.c5 Bd7 14.Nbxd4 Rfd8 15.h3 e5
16.hxg4 exd4 17.Be5 Qe6 18.cxb6 Bc6 19.Bxd4 axb6 20.e3 Nc7 21.Qc2 h6 22.Bc4 Qe8
23.Ng5 hxg5 24.Qh7+ Kf8 25.Qxg7+ Ke7 26.Bf6+ Kd6 27.Rh6  1-0

[Event "Auckland"]
[Site "Auckland"]
[Date "1992.??.??"]
[Round "5"]
[White "Dreyer, Martin"]
[Black "Miles, Anthony J"]
[Result "1/2-1/2"]
[WhiteElo "2235"]
[BlackElo "2565"]

1.d4 e6 2.e4 b6 3.Bd3 Bb7 4.Nf3 c5 5.c3 Nf6 6.Qe2 Be7 7.O-O Nc6 8.e5 Nd5
9.dxc5 Bxc5 10.b4 Be7 11.a3 d6 12.c4 Nc7 13.exd6 Qxd6 14.Bb2 Bf6 15.Nc3 O-O-O
16.Rfd1 Qf4 17.Be4 Nd4 18.Nxd4 Bxd4 19.g3 Qe5 20.Rxd4 Qxd4 21.Bxb7+ Kxb7
22.Nd5 Qxb2 23.Qxb2 exd5 24.cxd5 f6 25.Rd1 Rxd5 26.Rxd5 Nxd5 27.Qd4 Rd8 28.Qe4 g6
29.Qe6 Kc7 30.h4 Rd6 31.Qf7+ Rd7 32.Qe6 Rd6 33.Qe8 Rd8 34.Qf7+ Rd7 35.Qg8 Kd6
36.Qb8+  1/2-1/2

[Event "Auckland"]
[Site "Auckland"]
[Date "1992.??.??"]
[Round "8"]
[White "Miles, Anthony J"]
[Black "Sarfati, Jonathan D"]
[Result "1-0"]
[WhiteElo "2565"]
[BlackElo "2305"]

1.c4 Nf6 2.Nc3 c5 3.g3 d5 4.cxd5 Nxd5 5.Bg2 Nc7 6.Qb3 Nc6 7.Bxc6+ bxc6 8.Qa4 Bd7
9.Nf3 f6 10.Qa5 e5 11.d3 Qb8 12.Bd2 Be7 13.O-O-O Qb6 14.Na4 Qxa5 15.Bxa5 Ne6
16.Nd2 Kf7 17.Kb1 h5 18.h4 Rab8 19.Rc1 Rb5 20.Nc4 Nd4 21.Nc3 Rb7 22.Ne4 Kg6
23.e3 Ne6 24.f4 exf4 25.gxf4 Rb5 26.f5+ Kxf5 27.Rhg1 g5 28.Rcf1+ Kg6 29.hxg5 f5
30.Ne5+ Kg7 31.Bc3 Be8  1-0

[Event "Auckland"]
[Site "Auckland"]
[Date "1992.??.??"]
[Round "11"]
[White "Levi, Eddy"]
[Black "Miles, Anthony J"]
[Result "0-1"]
[WhiteElo "2300"]
[BlackElo "2565"]

1.e4 c6 2.d4 d5 3.e5 Bf5 4.h4 h5 5.c4 e6 6.Nc3 Be7 7.Nf3 Bg4 8.cxd5 cxd5
9.Qa4+ Nc6 10.Bb5 Qb6 11.Ng5 Rc8 12.O-O Nh6 13.Be3 Nf5 14.Rae1 Nxh4 15.f3 Bf5
16.g3 Ng6 17.Qd1 Qd8 18.Qd2 Nf8 19.Kg2 Nh7 20.Nxh7 Bxh7 21.Rh1 Bg6 22.g4 a6
23.gxh5 Bxh5 24.Be2 Kd7 25.Na4 Bb4 26.Nc3 Qa5 27.Bd3 Ne7 28.Rc1 Bg6 29.a3 Bxc3
30.Rxc3 Rxh1 31.Kxh1 Rxc3 32.Bxg6 Rxa3  0-1

[Event "Groningen"]
[Site "Groningen"]
[Date "1992.??.??"]
[Round "1"]
[White "Nijboer, Friso"]
[Black "Miles, Anthony J"]
[Result "1/2-1/2"]
[WhiteElo "2485"]
[BlackElo "2595"]

1.e4 c6 2.c4 e5 3.Nf3 Qa5 4.Be2 Nf6 5.Nc3 Bb4 6.O-O O-O 7.d3 d5 8.cxd5 Bxc3
9.bxc3 cxd5 10.Nxe5 dxe4 11.Nc4 Qc7 12.Bg5 Nd5 13.Rc1 exd3 14.Qxd3 Nf4 15.Bxf4 Qxf4
16.Qd6 Qg5 17.f4 Qh4 18.Ne5 Qf6 19.Rcd1 Qxd6 20.Rxd6 Nc6 21.Nxc6 bxc6 22.Rxc6 Rb8
23.Rc7 Rb2 24.Bc4 Be6 25.Bxe6 fxe6 26.Rd1 Rxf4 27.h3 Rb5 28.Rxa7 h5 29.Rd8+ Kh7
30.Rdd7 Rg5 31.Rd2 Rf3 32.Ra5 Rxa5 33.gxf3 Rc5 34.Rc2 Kg6 35.Kf2 Kf5 36.c4 Kf4
37.h4 e5 38.a3 e4 39.fxe4 Kxe4 40.Rc1 g5  1/2-1/2

[Event "Groningen"]
[Site "Groningen"]
[Date "1992.??.??"]
[Round "7"]
[White "Miles, Anthony J"]
[Black "Rozentalis, Eduardas"]
[Result "0-1"]
[WhiteElo "2595"]
[BlackElo "2590"]

1.d4 Nf6 2.Nf3 e6 3.c4 b6 4.Nc3 Bb7 5.a3 d5 6.Bg5 Be7 7.e3 O-O 8.Rc1 c5 9.cxd5 cxd4
10.d6 dxc3 11.dxe7 Qxe7 12.Rxc3 Nbd7 13.Rc7 Bxf3 14.gxf3 Qd8 15.Rc2 Rc8 16.Rd2 Rc5
17.Rg1 Qc7 18.Bf4 Ne5 19.Rg5 Rc1 20.Bxe5 Rxd1+ 21.Rxd1 Qe7 22.Bd6 Qb7 23.Bxf8 Kxf8
24.Bg2 Qc7 25.f4 h6 26.Rb5 Ng4 27.Be4 Nxh2 28.Rb4 Ng4 29.Bf3 Nf6 30.Rbd4 g5
31.R1d2 g4 32.Ba8 h5 33.Kd1 Qc5 34.e4 e5 35.Rd8+ Kg7 36.f5 h4 37.Rc2 Qb5
38.Kc1 h3 39.Rd1 Qb3 40.Rf1 Qf3  0-1

[Event "Groningen"]
[Site "Groningen"]
[Date "1992.??.??"]
[Round "8"]
[White "Christiansen, Larry Mark"]
[Black "Miles, Anthony J"]
[Result "1/2-1/2"]
[WhiteElo "2625"]
[BlackElo "2595"]

1.d4 Nc6 2.Nf3 d6 3.d5 Ne5 4.Nxe5 dxe5 5.e4 e6 6.Bb5+ Bd7 7.Bxd7+ Qxd7 8.dxe6 Qxe6
9.Qe2 c6 10.O-O Nf6 11.Bg5 h6 12.Bxf6 Qxf6 13.Rd1 Bc5 14.c3 O-O 15.Nd2 Rfd8
16.b4 Bb6 17.Nc4 Rxd1+ 18.Rxd1 Rd8 19.Rxd8+ Qxd8 20.Nxb6  1/2-1/2

[Event "Groningen"]
[Site "Groningen"]
[Date "1992.??.??"]
[Round "9"]
[White "Miles, Anthony J"]
[Black "Jussupow, Artur"]
[Result "1/2-1/2"]
[WhiteElo "2595"]
[BlackElo "2640"]

1.e4 e5 2.Nc3 Nf6 3.Nf3 Nc6 4.Bb5 Bb4 5.O-O O-O 6.Bxc6 dxc6 7.Nxe5 Bxc3 8.dxc3 Qxd1
9.Rxd1 Nxe4 10.Bf4 Bf5 11.Nc4 Rfc8 12.Ne3 Be6 13.f3 Nf6 14.c4 Nh5 15.Be5 f6
16.Bc3 Nf4 17.Re1 Re8 18.g3 Ng6 19.Kg2 h5 20.b3 Kf7 21.Re2 Rad8 22.Rae1 Bc8  1/2-1/2

[Event "Iraklion op"]
[Site "Iraklion"]
[Date "1992.??.??"]
[Round "2"]
[White "Miles, Anthony J"]
[Black "Voiska, Margarita"]
[Result "1-0"]
[WhiteElo "2565"]
[BlackElo "2345"]

1.d4 Nf6 2.Nf3 g6 3.c3 Bg7 4.Bg5 d5 5.e3 Nbd7 6.Nbd2 O-O 7.Be2 Re8 8.O-O e5
9.Nb3 e4 10.Nfd2 h6 11.Bf4 g5 12.Bg3 Nf8 13.c4 c6 14.Rc1 Re7 15.cxd5 cxd5
16.Rc3 Ng6 17.Qc2 Bf5 18.Rc1 Nh4 19.Nf1 Ne8 20.Qd1 Nd6 21.Nc5 Be6 22.Bg4 Nhf5
23.Nxe6 fxe6 24.Qc2 a5 25.a4 Kh7 26.Rc5 Ra6 27.h3 Qe8 28.Bh2 h5 29.Be2 Ra8
30.Ng3 Nxg3 31.Bxg3 Nf5 32.Bh2 Qf7 33.Qd1 Kh6 34.Rc8 Rxc8 35.Rxc8 Re8 36.Bxh5  1-0

[Event "Iraklion op"]
[Site "Iraklion"]
[Date "1992.??.??"]
[Round "4"]
[White "Miles, Anthony J"]
[Black "Dedes, Nikolaos"]
[Result "1-0"]
[WhiteElo "2565"]
[BlackElo "2310"]

1.d4 Nf6 2.Nf3 g6 3.c3 Bg7 4.Bg5 d5 5.Nbd2 O-O 6.e3 b6 7.Be2 c5 8.b4 Ne4
9.Nxe4 dxe4 10.Nd2 h6 11.Bh4 f5 12.f3 cxd4 13.cxd4 Nc6 14.b5 Nb4 15.O-O g5
16.Qb3+ Nd5 17.fxe4 fxe4 18.Rxf8+ Kxf8 19.Rf1+ Nf6 20.Bh5 e6 21.Bg3 Qd5 22.Be5 Qxb3
23.axb3 Ke7 24.Bxf6+  1-0

[Event "Iraklion op"]
[Site "Iraklion"]
[Date "1992.??.??"]
[Round "6"]
[White "Miles, Anthony J"]
[Black "Gratseas, Stefanos"]
[Result "1-0"]
[WhiteElo "2565"]
[BlackElo "2260"]

1.d4 g6 2.e4 Bg7 3.Nf3 c6 4.Be2 d5 5.e5 Na6 6.O-O Nc7 7.Re1 Nh6 8.h3 O-O
9.b3 f6 10.Ba3 Re8 11.Nbd2 Nf7 12.Bd3 f5 13.h4 h5 14.Nf1 b6 15.Ng3 e6 16.Ne2 Bf8
17.Bxf8 Rxf8 18.Nf4 Kg7 19.Qd2 Bd7 20.Re3 Rg8 21.Nh3 Qe7 22.Nfg5 Nxg5 23.Nxg5 c5
24.c3 Bb5 25.Bc2 a5 26.a4 Bd7 27.Rg3 cxd4 28.cxd4 Kf8 29.Nh3 Na6 30.Qh6+ Qg7
31.Rxg6 Qxh6 32.Rxh6 Rc8 33.Bd1  1-0

[Event "Iraklion op"]
[Site "Iraklion"]
[Date "1992.??.??"]
[Round "7"]
[White "Kalesis, Nikolaos"]
[Black "Miles, Anthony J"]
[Result "1-0"]
[WhiteElo "2315"]
[BlackElo "2565"]

1.d4 e6 2.e4 b6 3.Nf3 Bb7 4.Bd3 c5 5.c3 Nf6 6.Qe2 Be7 7.O-O Nc6 8.a3 Na5
9.Nbd2 c4 10.Bc2 Qc7 11.Rb1 h6 12.Re1 O-O 13.e5 Nh7 14.Ne4 Bd5 15.Bf4 Qb7
16.Qe3 f5 17.exf6 Nxf6 18.Nxf6+ Rxf6 19.Ne5 Bxg2 20.Nxd7 Qxd7 21.Kxg2 Bd6
22.Qe4 Raf8 23.Qh7+ Kf7 24.Be5 Qd8 25.Bxf6 Qxf6 26.Qe4 Ke7 27.Re2 Kd7 28.Rbe1 Qg5+
29.Kh1 Qd5 30.Qxd5 exd5 31.Kg2 b5 32.Re6 Nb7 33.Bd1 Kc6 34.Re8 Rf5 35.h4 a5
36.Rg8 Rf7 37.Bf3 Bf4 38.Rc8+ Bc7 39.Re5 Kd7 40.Bg4+ Kc6 41.Be6 Rf4 42.Bxd5+ Kb6
43.Re7  1-0

[Event "Iraklion op"]
[Site "Iraklion"]
[Date "1992.??.??"]
[Round "8"]
[White "Miles, Anthony J"]
[Black "Zygouris, Hristos"]
[Result "1/2-1/2"]
[WhiteElo "2565"]
[BlackElo "2210"]

1.d4 Nf6 2.Nf3 g6 3.c3 Bg7 4.Bf4 d6 5.Nbd2 O-O 6.e3 c5 7.dxc5 dxc5 8.Be2 Nc6
9.h3 Bf5 10.O-O Bd3 11.a4 Qd5 12.Bxd3 Qxd3 13.Nb3 Qxd1 14.Rfxd1 b6 15.Nfd2 Nd7
16.a5 Nde5 17.Bxe5 Nxe5 18.Kf1 Nd3 19.Rab1 Rfd8 20.Ke2 b5 21.Nc1 c4 22.Nxd3 cxd3+
23.Kf3 b4 24.Ne4 f5 25.Nc5 bxc3 26.bxc3 Bxc3 27.Rb7 Bxa5 28.Ne6 Rd6 29.Rxe7 Bd8
30.Nxd8 Rdxd8 31.g4 fxg4+ 32.hxg4 a5 33.Rb7 a4 34.Rb2 a3 35.Ra2 Ra4 36.Kg3 Kf7
37.f3 Ke6 38.Kf2 Rd5 39.Ke1 d2+ 40.Rdxd2 Rxd2 41.Kxd2 h5 42.gxh5 gxh5 43.e4 Kd6
44.f4 Rxe4  1/2-1/2

[Event "Katerini op"]
[Site "Katerini"]
[Date "1992.??.??"]
[Round "?"]
[White "Miles, Anthony J"]
[Black "Nei, Iivo"]
[Result "1-0"]
[WhiteElo "2595"]
[BlackElo "2410"]

1.d4 d5 2.Nf3 Bf5 3.c4 e6 4.Nc3 c6 5.Qb3 Qb6 6.c5 Qc7 7.Bf4 Qc8 8.Nh4 Nd7
9.Nxf5 exf5 10.e3 Ngf6 11.Be2 Be7 12.Qc2 g6 13.b4 a6 14.a4 Ne4 15.O-O Nf8
16.Nxe4 fxe4 17.b5 Ne6 18.Be5 O-O 19.bxa6 bxa6 20.Rab1 Bd8 21.Rb3 Bc7 22.Bxc7 Nxc7
23.Qb2  1-0

[Event "Katerini op"]
[Site "Katerini"]
[Date "1992.??.??"]
[Round "?"]
[White "Jolles, Hajo"]
[Black "Miles, Anthony J"]
[Result "0-1"]
[WhiteElo "2290"]
[BlackElo "2595"]

1.c4 Nf6 2.Nc3 g6 3.e4 d6 4.d4 Bg7 5.f3 O-O 6.Be3 c5 7.dxc5 dxc5 8.Qxd8 Rxd8
9.Bxc5 Nc6 10.Nd5 Nd7 11.Bxe7 Nxe7 12.Nxe7+ Kf8 13.Nd5 Bxb2 14.Rb1 Bg7 15.Nh3 b6
16.Nf2 Bb7 17.f4 Rac8 18.Be2 Ba6 19.Rb4 Bd4 20.h4 Nf6 21.Rh3 Bxf2+ 22.Kxf2 Nxe4+
23.Kg1 Nd6 24.Ne3 Rc5 25.Bd3 Bc8 26.Rf3 Bb7 27.Rf2 Re8 28.Ng4 Kg7 29.Ra4 Bc8
30.Ne5 Rc7 31.Rd2 f6 32.Nf3 Ne4 33.Bxe4 Rxe4 34.Rd4 Re3 35.Kf2 Rc3 36.Ke2 Bd7
37.Rb4 Ra3 38.Rb2 Bg4 39.Rc2 Ra4 40.Ke3 Bf5 41.Rcd2 Raxc4 42.Rxc4 Rxc4 43.Nd4 Ra4
44.h5 Bg4 45.hxg6 Kxg6 46.Kd3 h5 47.Kc3 h4 48.Kb3 Ra5 49.Kb4 Rd5 50.Kc4 Rc5+
51.Kb3 Kh5 52.Nc2 Be6+ 53.Kb2 Rb5+  0-1

[Event "Katerini op"]
[Site "Katerini"]
[Date "1992.??.??"]
[Round "?"]
[White "Ehlvest, Jaan"]
[Black "Miles, Anthony J"]
[Result "1-0"]
[WhiteElo "2635"]
[BlackElo "2595"]

1.d4 e6 2.g3 c5 3.Nf3 b6 4.d5 exd5 5.Qxd5 Nc6 6.Ne5 Qf6 7.Nxc6 Bb7 8.Qe5+ Qxe5
9.Nxe5 Bxh1 10.f3 h5 11.Bh3 Bd6 12.Nc4 Bb8 13.Bf4 g5 14.Bxg5 h4 15.g4 d5
16.Nca3 f6 17.Bd2 d4 18.Nc4 Ne7 19.Nba3 Nd5 20.Kf2 Bxf3 21.Kxf3 Bxh2 22.Rh1 Bg3
23.e4 dxe3 24.Nxe3 Nxe3 25.Bxe3 Kf7 26.Bf1 Rae8 27.Nc4 Re7 28.a4 Ke6 29.Bd3 Bc7
30.Rh3 Bg3 31.Bd2 Rc7 32.Ne3 Kf7 33.Bc4+ Kg6 34.b3 Rd8 35.Bd3+ Kf7 36.Nf5 Rcd7
37.Bc4+ Kg6 38.Be3 Rd1 39.Nxh4+ Bxh4 40.Rxh4 Kg7 41.Bh6+ Kg6 42.Bf4 Kg7 43.Ke4 Rh8
44.Rxh8 Kxh8 45.Bb8 Rd7 46.Be6 Rb7 47.Bg3  1-0

[Event "Komotini op"]
[Site "Komotini"]
[Date "1992.??.??"]
[Round "?"]
[White "Blees, Albert"]
[Black "Miles, Anthony J"]
[Result "0-1"]
[WhiteElo "2415"]
[BlackElo "2595"]

1.d4 e6 2.Nf3 b6 3.e4 Bb7 4.Bd3 c5 5.c3 Nf6 6.Qe2 Be7 7.O-O Nc6 8.a3 Na5
9.Nbd2 c4 10.Bc2 Qc7 11.d5 e5 12.g3 g6 13.Ne1 O-O-O 14.Ng2 Kb8 15.Rb1 d6
16.Ne3 Rc8 17.Qf3 Rhf8 18.Bd1 Nd7 19.Be2 f5 20.Qg2 Nf6 21.exf5 gxf5 22.b4 cxb3
23.c4 f4 24.Nf5 Nxd5 25.cxd5 Rxf5 26.Bg4 Rff8 27.Qe4 Qc5 28.Be6 Ba6 29.Bxc8 Bxf1
30.Bf5 Ba6 31.gxf4 Rg8+ 32.Kh1 Qxf2 33.Rb2 Bd3  0-1

[Event "Komotini op"]
[Site "Komotini"]
[Date "1992.??.??"]
[Round "?"]
[White "Groszpeter, Attila"]
[Black "Miles, Anthony J"]
[Result "0-1"]
[WhiteElo "2520"]
[BlackElo "2595"]

1.d4 d6 2.c4 e5 3.dxe5 dxe5 4.Qxd8+ Kxd8 5.Nc3 Be6 6.b3 Nd7 7.g3 Bb4 8.Bd2 f5
9.Bg2 c6 10.Nf3 Ngf6 11.O-O a5 12.e4 Nxe4 13.Nxe4 fxe4 14.Ng5 Bxd2 15.Nxe6+ Ke7
16.Nxg7 Nc5 17.Nf5+ Ke6 18.Bh3 Kf6 19.Rab1 Rhd8 20.Rfd1 Ne6 21.Ne3 Ng5 22.Bg4 Rd3
23.Be2 Rd4 24.Nc2 Rd6 25.Kg2 Rad8 26.a3 Ne6 27.b4 a4 28.c5 R6d7 29.Bc4 Bh6
30.Re1 Rd2 31.Ne3 Bxe3 32.Rxe3 R8d4 33.Bxe6 Kxe6 34.b5 Rc2 35.bxc6 bxc6 36.Rb8 Rxc5
37.Rh8 Rc2 38.Rxh7 Rdd2 39.h4 Rxf2+ 40.Kh3 Rfe2 41.Rxe2 Rxe2 42.Rc7 Ra2 43.g4 e3
44.Kg3 e4 45.Rb7 Rf2 46.Rb1 Rf3+ 47.Kg2 Ke5 48.g5 Kf4 49.Rf1 Kg4 50.g6 Rg3+
51.Kh2 e2 52.Re1 Kf3  0-1